Hajime no Ippo Quiz - Statistics

General Stats
  • This quiz has been taken 945 times
  • The average score is 12 of 15
Answer Stats
Question Answer % Correct
What family business does Ippo help out his mother with? Fishing boat business
99%
Which two real-life boxers do characters in the anime often compare Ippo's style to? Jack Dempsey & Mike Tyson
98%
What is the name of Ippo's boxing gym? Kamogawa
98%
Who is Ippo's primary love interest? Kumi Mashiba
92%
Ryo Mashiba "cheats" to beat Miyata during the Rookie King Tournament. How so? Steps on his foot
92%
What role does Masaru Aoki play in the anime? Comic relief
91%
The world featherweight champion in the anime hails from which nation? Mexico
88%
Which of Alexander Volg Zangief's sick family members does he leave Russia to fight for? Mother
88%
After Japanese featherweight champion Date Eiji vacates the title, who is the next boxer to win it? Takeshi Sendo
88%
In which boxing arena do the majority of the fights in the anime take place? Kourakuen Hall
87%
What is Ippo's surname? Makunouchi
86%
How do Japanese boxing fans feel about two of Takamura's American rivals, Bryan Hawk & David Eagle? Eagle is liked, Hawk is disliked
79%
Who does Miyata beat to claim the Oriental Pacific title? Arnie Gregory
56%
Ippo's mentor and friend, Mamoru Takamura, has an older brother Suguru, who is a former athlete. What was his sport? Rugby
50%
Who was the first of these characters to join Ippo's gym? Ichiro Miyata
43%
No matching quizzes found
Score Distribution
Percent of People with Each Score
Percentile by Number Answered
Your Score History
You have not taken this quiz